000 00827nam a2200241 a 4500
001 000048020
003 OSt
005 20210428092812.0
008 181030s1947 dr 000 m spa d
040 _aDO-SdBNP
_bspa
_cBNPHU
082 4 _a366.17293
_bG748e, 1947
245 0 0 _aEstatutos generales para el orden simbólico de la República Dominicana.
250 _a2a. ed.
260 _aCiudad Trujillo, República Dominicana :
_b Montalvo,
_c1947.
300 _a212 p. ;
_c23 cm.
590 _aInventariado, 2019/LP
650 _aMasonería
_xLegislación
_zRepública Dominicana
_937069
650 4 _aEstatutos de sociedades
_932163
650 4 _aSociedades secretas
_xHistoria
_937070
651 4 _a Sociedades secretas
_z República Dominicana
_977263
910 _aValidado. Control de calidad MFF
942 _2ddc
_cLBS1
999 _c47508
_d47508